000 00516nam a2200193Ia 4500
005 20250326144852.0
008 250326s9999 xx 000 0 und d
020 _a81-7629-271-0
037 _aTextbook
040 _aFMSL
_beng
_cFMSL
041 _aeng
_2eng
084 _aX:8 P2
_qFMSL
100 _aSingh Nirmal
245 0 _aPrinciples of management
_cSingh Nirmal
260 _aNew Delhi
_bNew Delhi, Deep & Deep
_c2002
300 _axxi,621
942 _cTB
_hX:8 P2
999 _c1305389
_d1305389